B-1,3 and B-1,4 glucanases from stereptomyces species as a potential biocontrol agent against some plant pathogenic fungi / (رقم التسجيلة. 16175)

تفاصيل مارك
000 -LEADER
fixed length control field 01785nam a2200361 a 4500
003 - CONTROL NUMBER IDENTIFIER
control field EG-GiCUC
005 - DATE AND TIME OF LATEST TRANSACTION
control field 20250223025603.0
008 - FIXED-LENGTH DATA ELEMENTS--GENERAL INFORMATION
fixed length control field 090422s2008 ua dh f m 000 0 eng d
040 ## - CATALOGING SOURCE
Original cataloging agency EG-GiCUC
Language of cataloging eng
Transcribing agency EG-GiCUC
041 0# - LANGUAGE CODE
Language code of text/sound track or separate title eng.
049 ## - LOCAL HOLDINGS (OCLC)
Holding library Deposite
097 ## - Thesis Degree
Thesis Level M.Sc.
099 ## - LOCAL FREE-TEXT CALL NUMBER (OCLC)
Classification number Cai01.12.05.M.Sc.2008.Am.B
100 0# - MAIN ENTRY--PERSONAL NAME
Personal name Amany Ahmed Hassabo Anise
245 10 - TITLE STATEMENT
Title B-1,3 and B-1,4 glucanases from stereptomyces species as a potential biocontrol agent against some plant pathogenic fungi /
Statement of responsibility, etc. Amany Ahmed Hassabo Anise ; Supervised Zeinat Kameil Mohamed , Mohsen Helmy Selim , Nagwa Mohamed Morsy
246 15 - VARYING FORM OF TITLE
Title proper/short title انزيمات بيتا 1-3:1-4 جلوكانيزس من بعض عزلات الاستربتوميسس كوسيلة للمقاومة البيولوجية لبعض الفطريات الممرضة للنبات
260 ## - PUBLICATION, DISTRIBUTION, ETC.
Place of publication, distribution, etc. Cairo :
Name of publisher, distributor, etc. Amany Ahmed Hassabo Anise ,
Date of publication, distribution, etc. 2008
300 ## - PHYSICAL DESCRIPTION
Extent 144Leaves :
Other physical details charts , facsimiles ;
Dimensions 30cm
502 ## - DISSERTATION NOTE
Dissertation note Thesis (M.Sc.) - Cairo University - Faculty of Science - Department of Botany-Microbiology
520 ## - SUMMARY, ETC.
Summary, etc. The present study aimed to screen the antagonistic streptomyces species for their abilities to produce fungal cell well lytic enzymes namely B1,3 and B1,4 glucanases and use the most promising strain as a potential biocontrol agent against some plant pathogenic fungi
530 ## - ADDITIONAL PHYSICAL FORM AVAILABLE NOTE
Additional physical form available note Issued also as CD
653 #4 - INDEX TERM--UNCONTROLLED
Uncontrolled term B-1,3 and B-1,4 glucanases
653 #4 - INDEX TERM--UNCONTROLLED
Uncontrolled term Biological control
653 #4 - INDEX TERM--UNCONTROLLED
Uncontrolled term Streptomycetes
700 0# - ADDED ENTRY--PERSONAL NAME
Personal name Mohsen Helmy Selim ,
Relator term
700 0# - ADDED ENTRY--PERSONAL NAME
Personal name Nagwa Mohamed Morsy ,
Relator term
700 0# - ADDED ENTRY--PERSONAL NAME
Personal name Zeinat Kameil Mohamed ,
Relator term
856 ## - ELECTRONIC LOCATION AND ACCESS
Uniform Resource Identifier <a href="http://172.23.153.220/th.pdf">http://172.23.153.220/th.pdf</a>
902 ## - LOCAL DATA ELEMENT B, LDB (RLIN)
No. of Items 1
905 ## - LOCAL DATA ELEMENT E, LDE (RLIN)
Cataloger Nazla
Reviser Revisor
905 ## - LOCAL DATA ELEMENT E, LDE (RLIN)
Cataloger Soheir
Reviser Cataloger
942 ## - ADDED ENTRY ELEMENTS (KOHA)
Source of classification or shelving scheme Dewey Decimal Classification
Koha item type Thesis
المقتنيات
Source of classification or shelving scheme Not for loan Home library Current library Date acquired Full call number Barcode Date last seen Koha item type Copy number
Dewey Decimal Classification   المكتبة المركزبة الجديدة - جامعة القاهرة قاعة الرسائل الجامعية - الدور الاول 11.02.2024 Cai01.12.05.M.Sc.2008.Am.B 01010110050913000 22.09.2023 Thesis  
Dewey Decimal Classification   المكتبة المركزبة الجديدة - جامعة القاهرة مخـــزن الرســائل الجـــامعية - البدروم 11.02.2024 Cai01.12.05.M.Sc.2008.Am.B 01020110050913000 22.09.2023 CD - Rom 50913.CD
Cairo University Libraries Portal Implemented & Customized by: Eng. M. Mohamady Contacts: new-lib@cl.cu.edu.eg | cnul@cl.cu.edu.eg
CUCL logo CNUL logo
© All rights reserved — Cairo University Libraries
CUCL logo
Implemented & Customized by: Eng. M. Mohamady Contact: new-lib@cl.cu.edu.eg © All rights reserved — New Central Library
CNUL logo
Implemented & Customized by: Eng. M. Mohamady Contact: cnul@cl.cu.edu.eg © All rights reserved — Cairo National University Library